Helene Defraye, (Record no. 5549)

MARC details
000 -LEADER
fixed length control field 00527cam a22002051 4500
001 - CONTROL NUMBER
control field af 48003375
003 - CONTROL NUMBER IDENTIFIER
control field DLC
005 - DATE AND TIME OF LATEST TRANSACTION
control field 20260227110901.0
008 - FIXED-LENGTH DATA ELEMENTS--GENERAL INFORMATION
fixed length control field 890522s1944 be 000 1 dut c
010 ## - LIBRARY OF CONGRESS CONTROL NUMBER
LC control number af 48003375
035 ## - SYSTEM CONTROL NUMBER
System control number (OCoLC)19748169
040 ## - CATALOGING SOURCE
Original cataloging agency California. Univ. Libr.
Transcribing agency CU
Modifying agency DLC
042 ## - AUTHENTICATION CODE
Authentication code premarc
050 00 - LIBRARY OF CONGRESS CALL NUMBER
Classification number PT6434.L43
Item number H4
100 1# - MAIN ENTRY--PERSONAL NAME
Personal name Lampo, Hubert.
245 10 - TITLE STATEMENT
Title Helene Defraye,
Remainder of title roman.
260 ## - PUBLICATION, DISTRIBUTION, ETC.
Place of publication, distribution, etc. Brussel,
Name of publisher, distributor, etc. A. Manteau
Date of publication, distribution, etc. [1944]
300 ## - PHYSICAL DESCRIPTION
Extent 230 p.
Dimensions 20 cm.
500 ## - GENERAL NOTE
General note Erratum slip inserted.

No items available.

Powered by Koha